000 00663nam a2200205 i 4500
001 144783
003 ES-MaACL
005 20250814045120.0
007 t|
008 070214s1960 xxu r ||||1| eng d
100 1 _aSlater, John C.
_9106770
245 1 0 _aQuantum theory of atomic structure /
_cJohn C. Slater.
260 _aNew York [etc.] :
_bMcGraw-Hill,
_c1960.
300 _a1 v. :
_bil. ;
_c24 cm.
490 1 _aInternational series in pure and applied Physics
650 0 7 _aMecánica cuántica
_2embne
_914872
830 0 _aInternational series in pure and applied Physics
_9187373
852 _aES-MaACL
_jP-200
_bR.93382
999 _c144783
_d144783